000 00957cam a22003017a 4500
003 CHAP
005 20220329140226.0
008 971013s r 00010 d
010 _a48836
011 _a49808
035 _a53958
040 _cCHAP
090 _aFolleto 6114
110 _aVenezuela. Dirección de Sanidad Vegetal
_9118710
245 0 _aRecomendaciones para el combate de plagas
260 _aCaracas :
_bDirección de Sanidad Vegetal,
_c19 -19
300 _av.
500 _aLa biblioteca tiene: 1978, 1979
590 _aBATCH-UPD
_b10
_c20130110
_lUCH01
_h0940
590 _aCONVERSION
_b10
_c20130109
_lUCH01
_h1327
650 1 4 _aControl de plagas.
_927595
650 1 4 _aPesticidas.
_987536
901 _aBK
942 _cFOLL
949 _aFolleto 6114
_bBC
_cFOLL
_d-119323
_eTS1
_i53958
_si
949 _aFolleto 6114
_bBC
_cFOLL
_d-119325
_eTS2
_f1978
_i53958
_mD
_si
949 _aFolleto 6114
_bBC
_cFOLL
_d-119326
_eTS2
_f1979
_i53958
_mD
_si
999 _c48836
_d48836